| 000 | 00707nam a2200241 i 4500 | ||
|---|---|---|---|
| 001 | 17054 | ||
| 003 | ES-MaACL | ||
| 005 | 20230906151507.0 | ||
| 007 | t| | ||
| 008 | 001218s1999 sp ||||1| spa d | ||
| 020 | _a84-339-1488-X | ||
| 080 | _a821.111(73)-82"19" | ||
| 100 | 1 |
_aBukowski, Charles. _932490 |
|
| 245 | 1 | 0 |
_aPeleando a la contra / _cCharles Bukowski ; edición de John Martin. |
| 250 | _a3ª ed. en "Compactos". | ||
| 260 |
_aBarcelona : _bAnagrama, _c1999. |
||
| 300 |
_a538 p. ; _c21 cm. |
||
| 490 | 1 |
_aCompactos Anagrama ; _v157 |
|
| 700 | 1 |
_aMartin, John. _977316 |
|
| 830 | 0 |
_aCompactos Anagrama ; _v157 _9180205 |
|
| 852 |
_aES-MaACL _jL-24006 _bR.129064 |
||
| 999 |
_c17054 _d17054 |
||